Online
Catalog

A orillas del río Piedra me senté y lloré / (Record no. 8252)

MARC details
000 -CABECERA
campo de control de longitud fija 00989cam a2200265 a 4500
001 - NÚMERO DE CONTROL
campo de control 000008481
005 - FECHA Y HORA DE LA ÚLTIMA TRANSACCIÓN
campo de control 20240529124642.0
008 - DATOS DE LONGITUD FIJA--INFORMACIÓN GENERAL
campo de control de longitud fija 960730s1996 cau 000 f spa d
020 ## - NÚMERO INTERNACIONAL ESTÁNDAR DEL LIBRO
Número Internacional Estándar del Libro 0062514628 (pbk.)
040 ## - FUENTE DE LA CATALOGACIÓN
Centro catalogador/agencia de origen DO-SdBNP
Lengua de catalogación spa
Centro/agencia transcriptor LC
Centro/agencia modificador BNPHU
041 17 - CÓDIGO DE LENGUA
Código de lengua del texto/banda sonora o título independiente spa
Código de lengua original por
Fuente del código Código de idioma MARC
082 ## - NÚMERO DE LA CLASIFICACIÓN DECIMAL DEWEY
Número de clasificación B869.42
Número de documento/Ítem C672a
049 ## - FONDOS LOCALES (OCLC)
Fondos de biblioteca BNGR
100 1# - ENTRADA PRINCIPAL--NOMBRE DE PERSONA
Nombre de persona Coelho, Paulo,
Fechas asociadas al nombre 1947-
9 (RLIN) 13649
240 10 - TÍTULO UNIFORME
Título uniforme Na margem do rio Piedra eu sentei e chorei.
Lenguaje de la obra Español
245 10 - MENCIÓN DE TÍTULO
Título A orillas del río Piedra me senté y lloré /
Mención de responsabilidad, etc. Paulo Coelho; traducción de Alfonso Indecona.
260 ## - PUBLICACIÓN, DISTRIBUCIÓN, ETC.
Lugar de publicación, distribución, etc. San Francisco, (California) :
Nombre del editor, distribuidor, etc. HarperSanFrancisco,
Fecha de publicación, distribución, etc. 1996.
300 ## - DESCRIPCIÓN FÍSICA
Extensión xiii, 202 p. ;
Dimensiones 21 cm.
534 ## - NOTA SOBRE LA VERSIÓN ORIGINAL
Encabezamiento principal del original Versión en español de:
Mención de título del original Na margem do rio Piedra eu sentei a chorei
Publicación, distribución, etc. del original Rio de Janeriro : Rocco Ltd., 1994.
650 #0 - PUNTO DE ACCESO ADICIONAL DE MATERIA--TÉRMINO DE MATERIA
Término de materia o nombre geográfico como elemento de entrada Novela brasileña
9 (RLIN) 13650
650 #4 - PUNTO DE ACCESO ADICIONAL DE MATERIA--TÉRMINO DE MATERIA
Término de materia o nombre geográfico como elemento de entrada Literatura brasileña
9 (RLIN) 823
700 1# - PUNTO DE ACCESO ADICIONAL--NOMBRE DE PERSONA
Nombre de persona Indecona, Alfonso,
Término indicativo de función/relación tr.
9 (RLIN) 22793
910 ## - DATOS DE OPCIÓN DEL USUARIO (OCLC)
Datos de opción del usuario Catalogación por copia / LC
910 ## - DATOS DE OPCIÓN DEL USUARIO (OCLC)
Datos de opción del usuario WM
Holdings
Estado de retiro Estado de pérdida Restricciones de uso No para préstamo Código de colección Localización permanente Ubicación/localización actual Ubicación en estantería Fecha de adquisición Número de inventario Total de préstamos Signatura topográfica completa Código de barras Fecha visto por última vez Precio válido a partir de Tipo de ítem Koha
        Monografías: Libros y Folletos General General Depósito 16.09.2009 LF1   B869.42 C672a 8481-10 25.06.2020 25.06.2020 Préstamo en sala

Powered by Koha